Statistics for Love Is Blindness - U2 (All Lyrics)

Click here to take the quiz!

General Stats

  • This quiz has been taken 10 times
  • The average score is 114 of 139

Answer Stats

Answer% Correct
a
100%
A
100%
Around
100%
blindness
100%
Blindness
100%
don't
100%
I
100%
is
100%
Love
100%
love
100%
me?
100%
see
100%
the
100%
The
100%
you
100%
You
100%
feel
88%
In
88%
my
88%
night
88%
No
88%
no
88%
one
88%
to
88%
too
88%
wanna
88%
Without
88%
Won't
88%
wrap
88%
your
88%
All
75%
And
75%
car
75%
little
75%
Made
75%
Oh
75%
out
75%
Take
75%
warning
75%
complete
63%
Fingers
63%
heart
63%
numb
63%
parked
63%
street
63%
tell
63%
That
63%
Baby
50%
Blow
50%
call
50%
candle
50%
cold
50%
death
50%
deep
50%
handle
50%
Honey
50%
makes
50%
money
50%
ripping
50%
steel
50%
Thread
50%
well
50%
almost
38%
clockworks
38%
crowded
38%
dangerous
38%
drowning
38%
idea
38%
sense
38%
slipping
38%
Squeeze
38%
knot
25%
mourning
25%
secrets
25%

Score Distribution

Percentile by Number Answered

Percent of People with Each Score

Your Score History

You have not taken this quiz